[Event "World ol U16"]
[Site "Eindhoven"]
[Date "2023.08.16"]
[Round "6.22"]
[White "Zuri, Tatiina"]
[Black "Mok, Gillian Xi Lin"]
[Result "0-1"]
[WhiteElo "1184"]
[BlackElo "1314"]
[PlyCount "62"]
[EventDate "2023.08.13"]
[EventType "team-swiss"]
[EventRounds "9"]
[EventCountry "NED"]
[SourceTitle "CBM 215 Extra"]
[Source "ChessBase"]
[SourceDate "2023.09.30"]
[SourceVersion "1"]
[SourceVersionDate "2023.09.30"]
[SourceQuality "1"]
[WhiteTeam "Uganda II"]
[BlackTeam "Canada III"]
[WhiteTeamCountry "UGA"]
[BlackTeamCountry "CAN"]

1. d4 Nf6 2. Nf3 g6 3. c4 Bg7 4. Nc3 d6 5. Bg5 Nbd7 6. e3 h6 7. Bh4 c5 8. Be2 0-0 9. 0-0 b6 10. h3 cxd4 11. Nxd4 Bb7 12. Nf3 Nc5 13. Nd4 Nfe4 14. Nxe4 Nxe4 15. f3 Nc5 16. Rb1 Rc8 17. b3 Qd7 18. Rc1 Ne6 19. Nxe6 Qxe6 20. e4 h5 21. Qd2 Kh7 22. Qb4 f5 23. Rfe1 fxe4 24. Bd3 Bd4+ 25. Kh2 Be5+ 26. g3 exd3 27. f4 Qf7 28. Rf1 Bf6 29. Bxf6 Qxf6 30. Qa4 Qb2+ 31. Kg1 Qg2# 0-1

[Event "World ol U16"]
[Site "Eindhoven"]
[Date "2023.08.14"]
[Round "3.17"]
[White "Begic, Klara"]
[Black "Mok, Gillian Xi Lin"]
[Result "1-0"]
[WhiteElo "1787"]
[BlackElo "1314"]
[PlyCount "85"]
[EventDate "2023.08.13"]
[EventType "team-swiss"]
[EventRounds "9"]
[EventCountry "NED"]
[SourceTitle "CBM 215 Extra"]
[Source "ChessBase"]
[SourceDate "2023.09.30"]
[SourceVersion "1"]
[SourceVersionDate "2023.09.30"]
[SourceQuality "1"]
[WhiteTeam "Croatia"]
[BlackTeam "Canada III"]
[WhiteTeamCountry "CRO"]
[BlackTeamCountry "CAN"]

1. d4 Nf6 2. Nf3 g6 3. g3 Bg7 4. Bg2 d5 5. 0-0 0-0 6. b3 Bd7 7. Bb2 c6 8. Nbd2 Qc8 9. Re1 Bh3 10. Bh1 h6 11. c4 Qf5 12. Nh4 Qd7 13. Nhf3 g5 14. Ne5 Qf5 15. cxd5 cxd5 16. e4 dxe4 17. Nxe4 Nc6 18. Nxf6+ Bxf6 19. Nxc6 bxc6 20. Bxc6 Rac8 21. Be4 Qd7 22. Qd2 Bg7 23. Rac1 f5 24. Rxc8 Rxc8 25. Bh1 Rd8 26. d5 Bxb2 27. Qxb2 Kf7 28. Re6 Qb5 29. Re1 Qd7 30. Qe5 Qd6 31. Qe2 Bg4 32. Qc4 Qd7 33. d6+ e6 34. Qc7 Bh5 35. Rc1 Ke8 36. Bc6 Bf3 37. Bxd7+ Rxd7 38. Qc8+ Rd8 39. Qxe6+ Kf8 40. Rc7 Rd7 41. Qxd7 Bh5 42. Qe7+ Kg8 43. Qg7# 1-0

[Event "Canadian op"]
[Site "Calgary"]
[Date "2023.07.22"]
[Round "1"]
[White "Zhao, Erin"]
[Black "Mok, Gillian Xi Lin"]
[Result "0-1"]
[WhiteElo "1557"]
[BlackElo "1334"]
[PlyCount "124"]
[EventDate "2023.07.22"]
[EventType "swiss"]
[EventRounds "10"]
[EventCountry "CAN"]
[SourceTitle "EXT 2024"]
[Source "ChessBase"]
[SourceDate "2023.10.10"]
[SourceVersion "1"]
[SourceVersionDate "2023.10.10"]
[SourceQuality "1"]

1. e4 e5 2. Nf3 Nc6 3. d4 exd4 4. Bc4 Bc5 5. 0-0 Nf6 6. e5 d5 7. exf6 dxc4 8. fxg7 Rg8 9. Bg5 Qd6 10. Nbd2 Qd5 11. Re1+ Be6 12. Ne4 Be7 13. Nf6+ Bxf6 14. Bxf6 Qf5 15. Bxd4 0-0-0 16. c3 Qg6 17. Qe2 Nxd4 18. Nxd4 Qxg7 19. Qf3 Bd5 20. Qf5+ Kb8 21. g3 Qg6 22. Qxg6 hxg6 23. Re7 c6 24. Rae1 Rh8 25. R7e3 Rxh2 26. Nf3 Bxf3 27. Rxf3 Rh7 28. Re2 Rd7 29. Rfe3 Kc7 30. Kg2 Rh5 31. Re4 b5 32. Rf4 Rhd5 33. Rfe4 Kb6 34. a3 Ka5 35. Re7 Ka4 36. Kf1 Kb3 37. Rxd7 Rxd7 38. Ke1 a5 39. g4 c5 40. Re5 Rc7 41. Re2 b4 42. cxb4 cxb4 43. axb4 axb4 44. Kd1 Ra7 45. Rc2 Ra1+ 46. Kd2 Rf1 47. Ke2 Rxf2+ 48. Kxf2 Kxc2 49. g5 Kxb2 50. Kf3 c3 51. Kg3 c2 52. Kh4 c1Q 53. Kg4 Qc4+ 54. Kf3 Kc3 55. Ke3 Qe6+ 56. Kf4 Kd4 57. Kg3 Ke3 58. Kh4 Qe4+ 59. Kg3 Qf4+ 60. Kg2 Qxg5+ 61. Kf1 Kf3 62. Ke1 Qc1# 0-1

[Event "Wch FIDE Online U12 Girls America qual"]
[Site "Tornelo INT"]
[Date "2020.12.04"]
[Round "7"]
[White "Tang, Zoey"]
[Black "Mok, Gillian Xi Lin"]
[Result "1-0"]
[WhiteElo "1871"]
[BlackElo "1259"]
[PlyCount "93"]
[EventDate "2020.12.01"]
[EventType "swiss (rapid)"]
[EventRounds "7"]
[EventCountry "ISS"]
[SourceTitle "EXT 2022"]
[Source "ChessBase"]
[SourceDate "2021.10.06"]
[SourceVersion "1"]
[SourceVersionDate "2021.10.06"]
[SourceQuality "1"]

1. d4 Nf6 2. Bg5 g6 3. Bxf6 exf6 4. e3 Bg7 5. g3 d5 6. Bg2 Nc6 7. Ne2 Be6 8. Nd2 0-0 9. 0-0 Ne7 10. b3 g5 11. c4 c6 12. Rc1 Ng6 13. Nc3 Qd7 14. cxd5 cxd5 15. Qe2 a6 16. Na4 Qb5 17. Qd1 Rac8 18. Nc5 b6 19. a4 Qb4 20. Nxe6 fxe6 21. Qe2 b5 22. axb5 Qxb5 23. Qxb5 axb5 24. b4 Ne7 25. Rc5 Rxc5 26. bxc5 Nc6 27. Rb1 b4 28. Bf1 Rb8 29. Nb3 Kf7 30. Bd3 h6 31. Kf1 e5 32. Be2 f5 33. Bf3 Ke6 34. Ra1 e4 35. Be2 Kd7 36. Ra6 f4 37. Bg4+ Kc7 38. Be6 fxe3 39. Bxd5 Nxd4 40. Ra7+ Kc8 41. Rxg7 Nxb3 42. Bxb3 exf2 43. c6 Rb6 44. Be6+ Kb8 45. c7+ Ka7 46. c8Q+ Rb7 47. Qxb7# 1-0

[Event "Wch FIDE Online U12 Girls America qual"]
[Site "Tornelo INT"]
[Date "2020.12.02"]
[Round "3"]
[White "Gupta, Sara"]
[Black "Mok, Gillian Xi Lin"]
[Result "0-1"]
[WhiteElo "1341"]
[BlackElo "1259"]
[PlyCount "56"]
[EventDate "2020.12.01"]
[EventType "swiss (rapid)"]
[EventRounds "7"]
[EventCountry "ISS"]
[SourceTitle "EXT 2022"]
[Source "ChessBase"]
[SourceDate "2021.10.06"]
[SourceVersion "1"]
[SourceVersionDate "2021.10.06"]
[SourceQuality "1"]

1. e4 e5 2. Nf3 Nc6 3. d4 exd4 4. Nxd4 Bc5 5. Be3 Qf6 6. c3 Nge7 7. Bc4 d6 8. 0-0 0-0 9. Nxc6 Nxc6 10. Bxc5 dxc5 11. Nd2 Ne5 12. Be2 Rd8 13. Qc2 Qg6 14. Kh1 Bg4 15. Bxg4 Nxg4 16. f3 Ne3 17. Rf2 Nxc2 18. Rc1 Ne3 19. Re2 Rd6 20. h3 Rad8 21. Nb3 Rd1+ 22. Rxd1 Rxd1+ 23. Kh2 Nf1+ 24. Kg1 Ng3+ 25. Kf2 Rf1+ 26. Ke3 Nxe2 27. Kxe2 Qxg2+ 28. Ke3 Rxf3# 0-1

[Event "Hong Kong Jolimark op"]
[Site "Hong Kong"]
[Date "2018.12.25"]
[Round "6"]
[White "Mok, Gillian Xi Lin"]
[Black "King, Oliver Baekho"]
[Result "1-0"]
[WhiteElo "1186"]
[BlackElo "1316"]
[PlyCount "65"]
[EventDate "2018.12.22"]
[EventType "swiss"]
[EventRounds "9"]
[EventCountry "HKG"]
[SourceTitle "CBM 188 Extra"]
[Source "ChessBase"]
[SourceDate "2019.02.26"]
[SourceVersion "1"]
[SourceVersionDate "2019.02.26"]
[SourceQuality "1"]

1. e4 c5 2. Nf3 e6 3. Nc3 Nc6 4. d4 cxd4 5. Nxd4 a6 6. Be2 Nge7 7. Be3 g6 8. 0-0 Bg7 9. Qd2 0-0 10. Nxc6 bxc6 11. Bh6 d5 12. Bxg7 Kxg7 13. exd5 cxd5 14. Qd4+ Kg8 15. Rfe1 Nf5 16. Qf4 Bb7 17. Bd3 Qf6 18. g4 g5 19. Qf3 d4 20. Ne4 Qg6 21. gxf5 exf5 22. Nf6+ Qxf6 23. Qxb7 Kh8 24. Qd5 f4 25. Qe4 Qg7 26. Qe5 Qxe5 27. Rxe5 h6 28. Ra5 Rfb8 29. Rb1 Rb6 30. Rd5 Rab8 31. b3 Re6 32. Rxd4 Rc8 33. Bf5 1-0